UBT Library

The big book of business games : (Record no. 525)

000 -LEADER
fixed length control field 00655nam a22002177a 4500
005 - DATE AND TIME OF LATEST TRANSACTION
control field 20141017074752.0
008 - FIXED-LENGTH DATA ELEMENTS--GENERAL INFORMATION
fixed length control field 951002s1996 nyua 000 0 eng
020 ## - INTERNATIONAL STANDARD BOOK NUMBER
International Standard Book Number 0070464766
024 #0 - OTHER STANDARD IDENTIFIER
Terms of availability eng
080 ## - UNIVERSAL DECIMAL CLASSIFICATION NUMBER
Universal Decimal Classification number 174.4
100 1# - Rafti
Rafti Newstrom, John W.
245 14 - TITLE STATEMENT
Title The big book of business games :
Statement of responsibility, etc John W. Newstrom and Edward E. Scannell.
250 ## -
-- 1 st.ed.;
260 ## -
-- New York :
-- McGraw-Hill,
-- 1996.
300 ## -
-- 170 f. :
-- me il.;
-- 23 cm.
650 #0 -
-- Komunikimi në menaxhim
650 #0 -
-- Menaxhimi
650 #0 -
-- Lojërat
700 1# -
-- Scannell, Edward E.
942 ## - ADDED ENTRY ELEMENTS (KOHA)
Source of classification or shelving scheme
Item type Books
Holdings
Withdrawn status Lost status Source of classification or shelving scheme Damaged status Not for loan Collection code Permanent location Current location Shelving location Date acquired Total Checkouts Full call number Barcode Date last seen Koha item type
          Koleksioni i përgjithshem UBT - Ferizaj UBT - Ferizaj Koleksioni i përgjithshem 10/17/2014   174.4 NEW 003000883 10/17/2014 Books
          Koleksioni i përgjithshem UBT - Ferizaj UBT - Ferizaj Koleksioni i përgjithshem 10/17/2014   174.4 NEW 003000884 10/17/2014 Books
          Koleksioni i përgjithshem UBT - Ferizaj UBT - Ferizaj Koleksioni i përgjithshem 10/17/2014   174.4 NEW 003000885 10/17/2014 Books
          Koleksioni i përgjithshem UBT - Ferizaj UBT - Ferizaj Koleksioni i përgjithshem 10/17/2014   174.4 NEW 003000886 10/17/2014 Books
          Koleksioni i përgjithshem UBT - Ferizaj UBT - Ferizaj Koleksioni i përgjithshem 10/17/2014   174.4 NEW 003000887 10/17/2014 Books
          Koleksioni i përgjithshem UBT - Ferizaj UBT - Ferizaj Koleksioni i përgjithshem 10/17/2014   174.4 NEW 003000888 10/17/2014 Books
          Koleksioni i përgjithshem UBT - Ferizaj UBT - Ferizaj Koleksioni i përgjithshem 10/17/2014   174.4 NEW 003000889 10/17/2014 Books
          Koleksioni i përgjithshem UBT - Ferizaj UBT - Ferizaj Koleksioni i përgjithshem 10/17/2014   174.4 NEW 003000890 10/17/2014 Books
          Koleksioni i përgjithshem UBT - Ferizaj UBT - Ferizaj Koleksioni i përgjithshem 10/17/2014   174.4 NEW 003000891 10/17/2014 Books
          Koleksioni i përgjithshem UBT - Ferizaj UBT - Ferizaj Koleksioni i përgjithshem 10/17/2014   174.4 NEW 003000892 10/17/2014 Books
UBT Library © 2015-2024. All rights reserved University Education for Business and Technology